000 00580nam a2200205Ka 4500
020 _a0028238362
040 _cEXC
082 _a320 GLE 1996 A013 Or.
100 1 _aSaffell, David C.,
245 1 0 _aCivics :
_bresponsibilities and citizenship /
260 _aNew York :
_bGlencoe,
_c[1995], c1996
300 _axx, 620 p. :
_bill. (some col.), col. maps ;
_c26 cm
500 _a"Interactive software edition"--cover
500 _aIncludes index
650 0 _aCivics
650 0 _aCitizenship
650 0 _aSocial sciences
710 2 _aGlencoe Publishing Co
942 _cEK
999 _c13237
_d13237